| 000 | 00996nac a22002777a 4500 | ||
|---|---|---|---|
| 001 | BR7902135 | ||
| 003 | BR-BrBNA | ||
| 005 | 20240105114418.0 | ||
| 008 | 230509b bl.|||m| |||| 00| 0 por d | ||
| 040 |
_aBR-BrBNA _bpor _cBiblioteca Nacional de Agricultura |
||
| 072 | _aF50 | ||
| 090 | _a0336 BR7902135 | ||
| 100 | 1 | _aPacova, B.E.V. | |
| 100 | 1 | _aMesquita, A.N. | |
| 100 | 1 | _aFontoura, J.U.G. | |
| 110 | 1 |
_aUnidade de Execucao de Pesquisa de Ambito Estadual de Dourados, MT (Brasil) _910364 |
|
| 245 | 1 | _aPrincipais caracteristicas agronomicas e botanicas das cultivares de soja, recomendadas para o Mato Grosso do Sul no ano agricola 1978/79 | |
| 260 | 3 |
_aDourados, MT (Brasil): _c1978. |
|
| 300 | _a13 p. | ||
| 490 |
_aComunicado Tecnico - Unidade de Execucao de Pesquisa de Ambito Estadual de Dourados (Brazil) _vno. 4 _x |
||
| 650 | _aSOJA | ||
| 650 | _aVARIEDADE | ||
| 650 | _aMATO GROSSO DO SUL | ||
| 909 |
_a202312 _bLúcia Elande _c55 _dLúcia Elande |
||
| 942 |
_2AGRIS _n0 _cMS |
||
| 999 |
_c269203 _d269203 |
||